[Event "Masters"]
[Site "Marseille FRA"]
[Date "2006.06.30"]
[Round "1"]
[White "Humeau,C"]
[Black "Leygue,D"]
[Result "0-1"]
[WhiteElo "2104"]
[BlackElo "2345"]

1.d4 Nf6 2.Nf3 g6 3.c4 Bg7 4.Nc3 O-O 5.e4 d6 6.Be2 e5 7.dxe5 dxe5 8.Qxd8 Rxd8
9.Bg5 Re8 10.Nd5 Nxd5 11.cxd5 c6 12.Bc4 cxd5 13.Bxd5 Nc6 14.O-O-O Nb4 15.Bb3 Bg4
16.h3 Be6 17.Kb1 Bxb3 18.axb3 Na6 19.Rd5 f6 20.Be3 Re7 21.Rhd1 b6 22.Rd6 Kf7
23.Rc6 Ke8 24.Rcd6 Rc8 25.Ne1 Nb8 26.Nd3 Rd7 27.Rxd7 Nxd7 28.Rc1 Rxc1+ 29.Kxc1 Bf8
30.Kd2 Kd8 31.Kc3 Kc7 32.f3 Kc6 33.Kc4 Bd6 34.g4 g5 35.Bf2 Nf8 36.b4 a6 37.Nc1 Ne6
38.Ne2 Bc7 39.Be3 b5+ 40.Kd3 Bb6 41.Bxb6 Kxb6 42.Ng3 Nf4+ 43.Ke3 a5 44.Ne2 Nxh3
45.bxa5+ Kxa5 46.Nc3 Nf4 47.Na2 Ka4 48.Nc3+ Kb4 49.Kd2 Kc4 50.b3+ Kc5 51.Ke3 h6
52.Kd2 b4 53.Na4+ Kb5 54.Nb2 Ne6 55.Nc4 Nd4 56.Nd6+ Kc5 57.Ne8 Nxb3+ 58.Kd3 Nd4
59.Nxf6 Nxf3 60.Ng8 Kb5 61.Nxh6 Ka4 62.Nf5 b3 63.Kc3 Ka3 64.Ne3 Ka2 65.Nc4 Nd4
66.Nxe5 Nb5+ 67.Kc4 b2 68.Kxb5 b1=Q+ 69.Kc5 Qxe4  0-1

[Event "34th World Open"]
[Site "Philadelphia USA"]
[Date "2006.06.30"]
[Round "3"]
[White "Simutowe,A"]
[Black "Aramil,W"]
[Result "1/2-1/2"]
[WhiteElo "2414"]
[BlackElo "2215"]

1.Nf3 Nf6 2.c4 g6 3.Nc3 Bg7 4.e4 d6 5.d4 O-O 6.Be2 e5 7.Be3 exd4 8.Nxd4 Re8
9.f3 c6 10.Bf2 d5 11.exd5 cxd5 12.O-O Nc6 13.c5 Nh5 14.Qd2 Be5 15.g3 Ng7
16.Rfd1 Be6 17.Bb5 Rc8 18.Nce2 Re7 19.Nxe6 fxe6 20.f4 Bf6 21.Rac1 Qc7 22.b4 Rd8
23.g4 Rf7 24.g5 Be7 25.Bxc6 bxc6 26.Bd4 Nf5 27.Be5 Qd7 28.Rc3 Bf8 29.Nd4 Bg7
30.Nf3 d4 31.Rd3 Qd5 32.Bxg7 Rxg7 33.Ne5 Rb7 34.a3 Kg7 35.Qg2 Qxg2+ 36.Kxg2 Rc8
37.Kf2 a5 38.Rb1 h6 39.gxh6+ Kh7 40.Kf3 axb4 41.axb4 Ra7 42.Rbd1 Ra4 43.Rb1 Ra2
44.b5 cxb5 45.Rxb5 Rc7 46.c6 Rxh2 47.Rdb3 Rh3+ 48.Kg4 Rxb3 49.Rxb3 Kxh6 50.Rb7 Ne3+
51.Kf3 Nd5 52.Ke4 d3 53.Kxd3 Nxf4+ 54.Kd4 Nd5 55.Kc5 Rc8 56.Kd6 Re8 57.Rb1 g5
58.Rg1 Re7 59.Nd7 Re8 60.Ne5 Re7 61.Rd1 Re8 62.Rb1 Kg7 63.Rb7+ Kh6 64.Rb1 Kg7
65.Rf1 Re7 66.Rg1 Kh6 67.Rh1+ Kg7 68.Rh5 Kf6 69.Rh8 Kg7 70.Rd8 Kh6 71.Rg8 Ra7
72.Rg6+ Kh5 73.Rxe6 Nc7 74.Rg6 Ne8+ 75.Ke6 Ng7+ 76.Kf6 Ne8+ 77.Kf5 Ng7+ 78.Ke4 Ne8
79.Re6 Ra4+ 80.Kd3 Ra8 81.Re7 g4 82.Rh7+ Kg5 83.Rh8 Kf5 84.Nc4 Nc7 85.Ne3+ Ke6
86.Rh6+ Ke7 87.Nxg4 Ra6 88.Ne5 Ne6 89.Kc4 Ra5 90.Ng6+ Kd8 91.Kb4 Rc5 92.Nf8 Rxc6
93.Nxe6+ Ke7 94.Rh7+ Kxe6 95.Rh6+ Kd7  1/2-1/2

[Event "Suduroy International"]
[Site "Vagur AUT"]
[Date "2006.06.30"]
[Round "8"]
[White "Salama,O"]
[Black "Bekker Jensen,S"]
[Result "1/2-1/2"]
[WhiteElo "2214"]
[BlackElo "2393"]

1.d4 Nf6 2.c4 g6 3.Nc3 Bg7 4.e4 d6 5.Nf3 O-O 6.Be2 Na6 7.O-O e5 8.Be3 Ng4
9.Bg5 Qe8 10.c5 h6 11.Bh4 g5 12.Bg3 exd4 13.Nxd4 dxc5 14.Nb3 Ne5 15.Bxa6 bxa6
16.Nxc5 Rb8 17.Qc2 Qc6 18.Nd5 Re8 19.b3 f5  1/2-1/2

[Event "ITT Club Argentino"]
[Site "Buenos Aires ARG"]
[Date "2006.07.01"]
[Round "11"]
[White "Liascovich,L"]
[Black "Goldwaser,C"]
[Result "1/2-1/2"]
[WhiteElo "2399"]
[BlackElo "2308"]

1.d4 Nf6 2.c4 g6 3.Nc3 Bg7 4.e4 d6 5.Nf3 O-O 6.Be2 e5 7.dxe5 dxe5 8.Qxd8 Rxd8
9.Bg5 Re8 10.Nd5 Nxd5 11.cxd5 c6 12.Bc4 b5 13.Bb3 Bb7 14.O-O-O cxd5 15.Bxd5 Bxd5
16.Rxd5 f6 17.Be3 a6 18.Rhd1 Nc6 19.Kb1 Rad8 20.Rxd8 Rxd8 21.Rxd8+ Nxd8  1/2-1/2

[Event "ITT Club Argentino"]
[Site "Buenos Aires ARG"]
[Date "2006.07.01"]
[Round "11"]
[White "Quiroga,F"]
[Black "Diaz,Rob"]
[Result "1/2-1/2"]
[WhiteElo "2332"]
[BlackElo "2307"]

1.d4 Nf6 2.c4 d6 3.Nc3 g6 4.e4 Bg7 5.Be2 O-O 6.Nf3 e5 7.dxe5 dxe5 8.Qxd8 Rxd8
9.Bg5 Re8 10.O-O-O h6  1/2-1/2

[Event "ch-BEL"]
[Site "Namur BEL"]
[Date "2006.07.01"]
[Round "1"]
[White "Vandevoort,P"]
[Black "Le Quang,K"]
[Result "1-0"]
[WhiteElo "2412"]
[BlackElo "2309"]

1.d4 g6 2.Nf3 Nf6 3.c4 Bg7 4.Nc3 O-O 5.e4 d6 6.Be2 e5 7.Be3 Ng4 8.Bg5 f6
9.Bc1 Nc6 10.d5 Ne7 11.h3 Nh6 12.h4 Bg4 13.h5 gxh5 14.Ng1 Bd7 15.Rxh5 Nf7
16.Bg4 Qc8 17.Bxd7 Qxd7 18.Nge2 f5 19.exf5 Nxf5 20.Qc2 N7h6 21.Bxh6 Bxh6
22.g4 Nd4 23.Nxd4 Qxg4 24.Rxh6 Qg1+ 25.Kd2 Qg5+ 26.Ke2 Qxh6 27.Rg1+ Kh8 28.Ne6 Qh5+
29.Ke1 Rg8 30.Rxg8+ Rxg8 31.Qe2 Qh6 32.Kd1 Qh1+ 33.Kc2 c6 34.Kb3 cxd5 35.cxd5 a6
36.Qe3 b5 37.Qa7 Qf3 38.Qxa6 Qxf2 39.Qxd6 Qe3 40.Qe7 h6  1-0

[Event "TESPO GM"]
[Site "Brno CZE"]
[Date "2006.07.02"]
[Round "4"]
[White "Porat,I"]
[Black "Pisk,P"]
[Result "0-1"]
[WhiteElo "2346"]
[BlackElo "2357"]

1.d4 Nf6 2.Nf3 g6 3.c4 Bg7 4.Nc3 O-O 5.e4 d6 6.Be2 Na6 7.O-O e5 8.Re1 c6
9.d5 c5 10.h3 Bd7 11.a3 Nc7 12.b4 b6 13.bxc5 bxc5 14.Bg5 h6 15.Be3 Nh5 16.Qd2 Nf4
17.Bf1 g5 18.Nh2 Ne8 19.g4 Nf6 20.f3 h5 21.Bg2 Rb8 22.Reb1 Rxb1+ 23.Rxb1 Qa5
24.Nb5 Qa6 25.Rb3 Qa4 26.Qb2 Rb8 27.Bf1 Ne8 28.Bc1 Rb6 29.Qb1 Nc7 30.Kh1 h4
31.Kg1 Nxb5 32.cxb5 a6 33.Qc2 axb5 34.Rb2 Qxc2 35.Rxc2 Kf8 36.Bg2 b4 37.axb4 cxb4
38.Nf1 b3 39.Rd2 Bb5 40.Bb2 Ra6 41.Ne3 Bf6 42.Bf1 Bxf1 43.Kxf1 Bd8 44.Nc4 Bc7
45.Rh2 Ra2 46.Ke1 Ra4 47.Ne3 Bb6 48.Nf5 Ra2 49.Kd1 Nd3 50.Bxe5 dxe5  0-1

[Event "FSIM July"]
[Site "Budapest HUN"]
[Date "2006.07.03"]
[Round "3"]
[White "Citak,S"]
[Black "Galyas,M"]
[Result "0-1"]
[WhiteElo "2258"]
[BlackElo "2390"]

1.d4 Nf6 2.c4 g6 3.Nc3 Bg7 4.e4 d6 5.Nf3 O-O 6.Be2 Na6 7.O-O e5 8.dxe5 dxe5
9.Qc2 Nh5 10.Rd1 Qe8 11.a3 c6 12.h3 Qe7 13.b4 Nf4 14.Bf1 Qf6 15.Be2 Nc7 16.c5 Nce6
17.Kh2 Nd4 18.Rxd4 exd4 19.e5 Qf5 20.Qxf5 Bxf5 21.Bxf4 dxc3 22.Rc1 c2 23.Nd2 Rad8
24.Nc4 Rd4 25.g3 f6 26.e6 Bxe6 27.Rxc2 Bxc4 28.Bxc4+ Kh8 29.b5 cxb5 30.Bxb5 Rc8
31.Be3 Rdd8 32.a4 Bf8 33.a5 Bxc5  0-1

[Event "Masters"]
[Site "Marseille FRA"]
[Date "2006.07.03"]
[Round "5"]
[White "Czakon,J"]
[Black "Housieaux,D"]
[Result "1-0"]
[WhiteElo "2486"]
[BlackElo "2360"]

1.d4 Nf6 2.c4 g6 3.Nc3 Bg7 4.e4 d6 5.Nf3 O-O 6.Be2 e5 7.O-O Na6 8.Re1 c6
9.Bf1 Bg4 10.d5 c5 11.h3 Bd7 12.a3 Kh8 13.Rb1 Rg8 14.b4 Qf8 15.Nb5 Ne8 16.Rb3 h6
17.Nh2 f5 18.f4 cxb4 19.axb4 Bxb5 20.cxb5 Nac7 21.fxe5 dxe5 22.Nf3 fxe4 23.Rxe4 Rd8
24.Nxe5 Qf5 25.Qe1 Nd6 26.Ree3 Nxd5 27.Bd3 Nxe3 28.Nxg6+ Kh7 29.Bxf5 Nexf5
30.Nf4 Bd4+ 31.Kh2 Rde8 32.Qf1 Re4 33.Bb2 Be3 34.Nd5 Bg5 35.Qd3  1-0

[Event "34th World Open"]
[Site "Philadelphia USA"]
[Date "2006.07.03"]
[Round "6"]
[White "Sharavdorj,D"]
[Black "Ehlvest,J"]
[Result "1/2-1/2"]
[WhiteElo "2449"]
[BlackElo "2607"]

1.d4 g6 2.c4 Bg7 3.e4 d6 4.Nf3 Nf6 5.Nc3 O-O 6.Be2 e5 7.O-O Na6 8.Be3 c6
9.d5 Ng4 10.Bg5 f6 11.Bh4 c5 12.Ne1 h5 13.Nd3 Nh6 14.h3 Nb4 15.Ne1 Nf7 16.a3 Na6
17.Nd3 Bh6 18.b4 b6 19.Re1 Bd7 20.Bf1 Nc7 21.Bg3 Kg7 22.Rb1 Qe7 23.bxc5 bxc5
24.Rb7 Qd8 25.Qc2 Qc8 26.Reb1 Nd8 27.R7b2 Nf7 28.Rb7 Nd8 29.R7b2 Nf7  1/2-1/2

[Event "FINEC Rector Cup"]
[Site "St Petersburg RUS"]
[Date "2006.07.03"]
[Round "8"]
[White "Biriukov,O"]
[Black "Mihajlovskij,S"]
[Result "0-1"]
[WhiteElo "2404"]
[BlackElo "2414"]

1.d4 g6 2.e4 Bg7 3.c4 d6 4.Nc3 Nf6 5.Be2 O-O 6.Nf3 e5 7.O-O Na6 8.Be3 Ng4
9.Bg5 Qe8 10.dxe5 dxe5 11.h3 f6 12.Bd2 Nh6 13.c5 Nxc5 14.Qc1 Nf7 15.Nd5 Ne6
16.Nxc7 Nxc7 17.Qxc7 Nd8 18.Rfc1 Be6 19.b4 Rf7 20.Qc3 Bf8 21.b5 b6 22.Qb2 Nb7
23.Bb4 Rd8 24.Rc2 Rfd7 25.Rac1 Nc5 26.Bxc5 Bxc5 27.Rd2 Rxd2 28.Nxd2 Qf8 29.Bc4 Bxc4
30.Rxc4 Qh6 31.Rc2 Qf4 32.Nf1 Qxe4 33.Re2 Qb4 34.Qxb4 Bxb4 35.Ne3 Kf7 36.g4 Rd3
37.Kg2 Bc5 38.Rc2 Ke6 39.Nc4 Kd5 40.Nd2 Bd4 41.Nb1 Bc5 42.Nc3+ Kd4 43.Ne2+ Ke4
44.Nc3+ Kf4 45.Ne2+ Kg5 46.Ng3 f5 47.gxf5 gxf5 48.Re2 e4 49.Rc2 h5 50.Re2 h4
51.Nf1 Bb4 52.Re3 Rd5 53.Rb3 Bc5 54.f3 Kf4 55.fxe4 fxe4 56.Rb2 Rg5+ 57.Kh2 Bg1+
58.Kh1 Bd4 59.Rd2 Rg1+ 60.Kh2 Rxf1 61.Rxd4 Rf2+ 62.Kg1 Rxa2 63.Rd7 Kg3  0-1

[Event "Open"]
[Site "Albarino ESP"]
[Date "2006.07.04"]
[Round "2"]
[White "Iotov,V"]
[Black "Milchev,N"]
[Result "1-0"]
[WhiteElo "2493"]
[BlackElo "2213"]

1.d4 Nf6 2.c4 g6 3.Nc3 Bg7 4.e4 d6 5.Nf3 O-O 6.Be2 e5 7.O-O exd4 8.Nxd4 Re8
9.f3 Nc6 10.Be3 Nh5 11.Qd2 Nf4 12.Rfd1 Nxd4 13.Bxd4 Qg5 14.Bf1 Bxd4+ 15.Qxd4 Be6
16.Kh1 Qe5 17.Rac1 Re7 18.c5 Qxd4 19.Rxd4 dxc5 20.Rd2 g5 21.g3 Ng6 22.Nd5 Bxd5
23.Rxd5 Ne5 24.f4 gxf4 25.gxf4 Nc6 26.Bg2 Nb4 27.Rdxc5 Nd3 28.Rg5+ Kh8 29.Rf1 Rd8
30.e5 Rd4 31.Bxb7 Rxf4 32.Rfg1 Nf2+ 33.Kg2 f6 34.exf6 Rxf6 35.Rf1 Nh3 36.Rg8+ Kxg8
37.Rxf6 Ng5 38.h4 Ne4 39.Bd5+ Kg7 40.Ra6 Nf6 41.Bf3 c5 42.Rc6 Rb7 43.b3 Nd7
44.Rc8  1-0

[Event "II Balazs-Diak Cup U-18"]
[Site "Balatonlelle HUN"]
[Date "2006.07.04"]
[Round "4"]
[White "Nagy,Ar"]
[Black "Kain,S"]
[Result "1/2-1/2"]
[WhiteElo "1927"]
[BlackElo "1914"]

1.d4 Nf6 2.c4 g6 3.Nc3 Bg7 4.Nf3 O-O 5.e4 d6 6.Be2 e5 7.Be3 Nc6 8.d5 Ne7
9.Nd2 a5 10.c5 dxc5 11.Bxc5 Nd7 12.Ba3 Nb6 13.Rc1 Bd7 14.Nb3 Na4 15.Nb5 c6
16.d6 Nd5 17.Nc7 Nxc7 18.dxc7 Qxc7 19.Bxf8 Bxf8 20.O-O b6 21.Qc2 Nc5 22.Nxc5 Bxc5
23.Rfd1 Be6 24.Bc4 Qe7 25.a3 Rc8 26.Bxe6 Qxe6 27.Qd2 h5 28.Qd7 Qxd7 29.Rxd7 Kf8
30.Rcd1 Bd4 31.Rd2 Ke8 32.Rb7 Rd8 33.Kf1 Rd7 34.Rxd7 Kxd7 35.b4 axb4 36.axb4 Kc7
37.Rd3 Kd7 38.Ra3 c5 39.b5 c4 40.Ra7+ Kd6 41.Rxf7 Kc5 42.Ke2 Kxb5 43.Rc7 Kb4
44.f3 Kb3 45.Kd2 b5 46.g3 b4 47.f4 c3+ 48.Kd3 c2 49.Rxc2 Ka3 50.Rc1 b3 51.f5 b2
52.Rb1 gxf5 53.exf5 Ka2 54.Kc2 e4 55.h3 e3 56.g4 e2 57.Rxb2+ Bxb2 58.Kd2 hxg4
59.hxg4 Kb3 60.Kxe2 Kc4  1/2-1/2

[Event "34th World Open"]
[Site "Philadelphia USA"]
[Date "2006.07.04"]
[Round "9"]
[White "Bercys,S"]
[Black "Antic,De"]
[Result "1-0"]
[WhiteElo "2360"]
[BlackElo "2491"]

1.d4 Nf6 2.c4 g6 3.Nc3 Bg7 4.e4 d6 5.Be2 O-O 6.Nf3 e5 7.O-O Na6 8.Re1 Qe8
9.Bf1 Bg4 10.d5 Nb4 11.Be2 a5 12.Be3 Bd7 13.Nd2 Na6 14.Rb1 h5 15.h3 Nh7 16.b3 Qe7
17.Nf1 Nc5 18.a3 Ng5 19.f3 f5 20.b4 axb4 21.axb4 Na4 22.Nxa4 Bxa4 23.Qd2 f4
24.Bf2 Bd7 25.Nh2 Bf6 26.Bf1 Nh7 27.c5 Bh4 28.Bxh4 Qxh4 29.Bc4 Kh8 30.Ra1 Qe7
31.Qf2 Nf6 32.h4 Rfc8 33.Nf1 Ne8 34.Nd2 Qd8 35.Nb3 Nf6 36.Na5 Rcb8 37.Nb3 b5
38.Bd3 Ra4 39.Qd2 Ng8 40.c6 Be8 41.Qf2 Rxb4 42.Na5 g5 43.Nb7 Qf6 44.hxg5 Qxg5
45.Reb1 Rd4 46.Bxb5 Nf6 47.Rd1 Rxd1+ 48.Rxd1 Bf7 49.Ba6 Ne8 50.Qa7 Rd8 51.Nxd8 Qxd8
52.Rb1 Kg7 53.Rb8 Qg5 54.Rxe8 Bxe8 55.Qxc7+ Bf7 56.Qxd6 h4 57.Qd7 Qf6 58.c7 Qb6+
59.Kh2  1-0

[Event "ch-CHN w"]
[Site "Wuxi CHN"]
[Date "2006.07.04"]
[Round "9"]
[White "Ju Wenjun"]
[Black "Gu Xiaobing"]
[Result "1-0"]
[WhiteElo "2330"]
[BlackElo "2371"]

1.d4 Nf6 2.c4 g6 3.Nc3 Bg7 4.e4 d6 5.Nf3 O-O 6.Be2 Na6 7.O-O e5 8.Be3 c6
9.h3 exd4 10.Nxd4 Qe7 11.Qc2 Re8 12.Bf3 Nc5 13.Rfe1 a5 14.Rad1 Nfd7 15.Nb3 Na6
16.a3 Ne5 17.Be2 Be6 18.Na4 b5 19.Nb6 bxc4 20.Nxa5 Rab8 21.Naxc4 Nxc4 22.Bxc4 Nc5
23.b4 Rxb6 24.Bxe6 Qxe6 25.bxc5 Rb2 26.Qa4 dxc5 27.Bxc5 Be5 28.Bd4 Ra2 29.Bxe5 Qxe5
30.Qxc6 Rxa3 31.Rd5 Qe6 32.Rd6 Qe5 33.Rd5 Qe6 34.Qc4 Ra7 35.Qd4 Rae7 36.f4 Qa6
37.e5 Qa7 38.Rc1 Qxd4+ 39.Rxd4 Ra8 40.Rc2 Rea7 41.Kf2 Ra2 42.Rxa2 Rxa2+ 43.Kf3 h5
44.Rd3 Kf8 45.Kg3 Ke7 46.Rb3 Ke6 47.Kf3 Rc2 48.g4 hxg4+ 49.hxg4 Ra2 50.Rd3 Ra4
51.Kg3 Rb4 52.Rd6+ Ke7 53.Rf6 Rb1 54.Kh4 Rh1+ 55.Kg5 Rg1 56.Ra6 Rg2 57.Rf6 Rg1
58.Kh6 Rxg4 59.Kg7 Rg1 60.Rxf7+ Ke8 61.Rf6 Rg2 62.Rxg6  1-0

[Event "35th TCh-GRE"]
[Site "Ermioni GRE"]
[Date "2006.07.05"]
[Round "3"]
[White "Halkias,S"]
[Black "Georgiev,Kr"]
[Result "1/2-1/2"]
[WhiteElo "2551"]
[BlackElo "2485"]

1.d4 Nf6 2.c4 g6 3.Nc3 Bg7 4.e4 d6 5.Nf3 O-O 6.Be2 e5 7.Be3 Na6 8.O-O Qe8
9.dxe5 dxe5 10.Nd2 h5 11.a3 Ng4 12.Bxg4 hxg4 13.b4 f5 14.b5  1/2-1/2

[Event "Open"]
[Site "Marseille FRA"]
[Date "2006.07.05"]
[Round "7"]
[White "Marzolo,C"]
[Black "Libiszewski,F"]
[Result "1/2-1/2"]
[WhiteElo "2414"]
[BlackElo "2486"]

1.d4 Nf6 2.c4 g6 3.Nc3 Bg7 4.e4 d6 5.Nf3 O-O 6.Be2 e5 7.d5 a5 8.Bg5 Na6 9.Nd2 Qe8
10.a3 Bd7 11.b3 h6 12.Bh4 Nh7 13.f3 h5 14.O-O Bh6  1/2-1/2

[Event "ch-BEL"]
[Site "Namur BEL"]
[Date "2006.07.06"]
[Round "6"]
[White "Van der Stricht,G"]
[Black "Vandevoort,P"]
[Result "1/2-1/2"]
[WhiteElo "2417"]
[BlackElo "2412"]

1.d4 Nf6 2.c4 g6 3.Nc3 Bg7 4.e4 d6 5.Nf3 O-O 6.Be2 e5 7.O-O Na6 8.Re1 c6
9.Bf1 exd4 10.Nxd4 Ng4 11.h3 Qb6 12.hxg4 Qxd4 13.g5 Qxd1 14.Rxd1 Be5 15.Na4 Nc5
16.Nxc5 dxc5 17.Be3 Bxb2 18.Rab1 Bg7 19.Bxc5 Re8 20.Be3 b6 21.a4 Be6 22.f3 Rad8
23.Kf2 c5 24.Rxd8 Rxd8 25.a5 bxa5 26.Rb7 a6 27.Bxc5 Rc8 28.Ba3 Bd4+ 29.Kg3 Kg7
30.Bb2 Bxb2 31.Rxb2 Rc5 32.Kf4 a4 33.Ra2 Bd7 34.Bd3 Kf8 35.e5 Bc6 36.Rc2 Ke7
37.Be4 Bd7 38.Bd5 Be6 39.Ra2 Bxd5 40.cxd5 Rxd5 41.Rxa4 a5 42.Rc4 Kd7 43.Ke4 Rb5
44.Rd4+ Kc7 45.Rd6 Rb6 46.Rd3 a4 47.Ra3 Ra6 48.f4 Kc6 49.g4 Kc5 50.f5 gxf5+
51.gxf5 Kb4 52.Rh3 a3 53.Rxh7 a2 54.Rh1 a1=Q 55.Rxa1 Rxa1 56.g6 fxg6 57.fxg6 Kc5
58.Kf5  1/2-1/2

[Event "XXIV Andorra Open"]
[Site "Andorra la Vella AND"]
[Date "2006.07.08"]
[Round "1"]
[White "Vera,R"]
[Black "Paredes Sanchez,J"]
[Result "1-0"]
[WhiteElo "2516"]
[BlackElo "2188"]

1.d4 Nf6 2.c4 g6 3.Nc3 Bg7 4.e4 d6 5.Be2 O-O 6.Nf3 e5 7.O-O Na6 8.Be3 Ng4
9.Bg5 Qe8 10.dxe5 dxe5 11.Qc1 f6 12.Bd2 f5 13.c5 Nxc5 14.Nd5 Ne6 15.Nxc7 Nxc7
16.Qxc7 Kh8 17.Bb4 Rf7 18.Qc2 Bd7 19.exf5 Bxf5 20.Qb3 Be6 21.Qa3 a5 22.Bd6 h6
23.h3 e4 24.hxg4 exf3 25.Bxf3 Rd8 26.Rfe1 Rfd7 27.Be5 Rd3 28.Qxa5  1-0

[Event "35th TCh-GRE"]
[Site "Ermioni GRE"]
[Date "2006.07.08"]
[Round "7"]
[White "Stavrianakis,I"]
[Black "Katsifarakis,N"]
[Result "1-0"]
[WhiteElo "2113"]
[BlackElo "1923"]

1.d4 g6 2.c4 Bg7 3.Nf3 d6 4.Nc3 Nf6 5.e4 O-O 6.Be2 Nbd7 7.O-O e5 8.d5 Nc5
9.Bg5 a5 10.Nd2 h6 11.Bh4 b6 12.b3 g5 13.Bg3 Nh7 14.Bg4 Bxg4 15.Qxg4 Qc8
16.Qe2 f5 17.f3 Nf6 18.a3 f4 19.Bf2 h5 20.b4 Ncd7 21.Nb5 Kf7 22.Rac1 axb4
23.axb4 Qb8 24.Rc2 g4 25.c5 Rg8 26.cxd6 cxd6 27.Rfc1 Bf8 28.Bh4 Be7 29.Rc7 Qd8
30.Nc4 gxf3 31.Qxf3 Ra2 32.Ncxd6+ Bxd6 33.Nxd6+ Kg6 34.Qh3 Kh7 35.Qf5+ Rg6
36.Bxf6 Rxg2+ 37.Kh1 Qxc7 38.Qxh5+  1-0

[Event "5th Open"]
[Site "La Fere FRA"]
[Date "2006.07.08"]
[Round "1"]
[White "Bardoux,T"]
[Black "Nevednichy,V"]
[Result "0-1"]
[WhiteElo "2175"]
[BlackElo "2576"]

1.d4 Nf6 2.Nf3 g6 3.c4 Bg7 4.Nc3 O-O 5.e4 d6 6.Be2 e5 7.O-O Nbd7 8.d5 Nh5
9.Re1 Kh8 10.b4 a5 11.bxa5 Rxa5 12.a4 Nc5 13.Nd2 Nf4 14.Nb3 Nxb3 15.Qxb3 c5
16.dxc6 bxc6 17.Be3 Ra8 18.c5 Ne6 19.cxd6 Nd4 20.Qd1 Be6 21.Bd3 Qxd6 22.Rb1 Rfd8
23.Bf1 h5 24.Qc1 Rdb8 25.Rxb8+ Qxb8 26.Bh6 Qb4 27.Bxg7+ Kxg7 28.f4 exf4 29.e5 Qc5
30.Kh1 Bf5 31.Qd2 Rd8 32.Qb2 f3 33.Nd1 Qa5 34.Nc3 Kg8 35.Qc1 Nc2 36.Rd1 Rxd1
37.Qxd1 Qxc3  0-1

[Event "25th Open"]
[Site "St Veit AUT"]
[Date "2006.07.08"]
[Round "1"]
[White "Amtmann,F"]
[Black "Praznik,N"]
[Result "0-1"]
[WhiteElo "1889"]
[BlackElo "2356"]

1.d4 g6 2.c4 Bg7 3.Nc3 d6 4.e3 Nf6 5.Nf3 O-O 6.Be2 Nbd7 7.O-O e5 8.e4 a5
9.dxe5 dxe5 10.Nd5 Nxe4 11.Re1 c6 12.Nc3 Nxc3 13.bxc3 Re8 14.Qc2 Nc5 15.Bg5 f6
16.Rad1 Qc7 17.Be3 Bf5 18.Qb2 Bf8 19.Nh4 Be6 20.Bxc5 Bxc5 21.g3 Rad8 22.Ng2 Re7
23.Rd3 Red7 24.Red1 Qb6 25.Qxb6 Bxb6 26.Ne1 Rxd3 27.Rxd3 Rxd3 28.Bxd3 Kf7
29.a4 Ke7 30.Kg2 Kd6 31.f4 exf4 32.gxf4 Kc5 33.Kf3 Bxc4 34.Ke3 Bc7 35.h4 b5
36.axb5 cxb5 37.Bc2 a4 38.Nf3 a3 39.Bb1 a2 40.Bxa2 Bxa2 41.Nd2 Bd5  0-1

[Event "3rd South Wales Int"]
[Site "Caerleon WLS"]
[Date "2006.07.09"]
[Round "2"]
[White "Broomfield,M"]
[Black "Bennett,P"]
[Result "1-0"]
[WhiteElo "2325"]
[BlackElo "2128"]

1.d4 Nf6 2.c4 g6 3.Nc3 Bg7 4.e4 d6 5.Nf3 O-O 6.Be2 e5 7.Be3 Ng4 8.Bg5 f6
9.Bh4 h5 10.h3 Nh6 11.dxe5 dxe5 12.Qxd8 Rxd8 13.Nd5 Na6 14.Nxf6+ Bxf6 15.Bxf6 Re8
16.Nxe5 Re6 17.Bg5 Rxe5 18.Bxh6 Rxe4 19.Be3 Nb4 20.Kd2 Be6 21.Kc3 Nc6 22.Bd3 Re5
23.Bf4 Rd8 24.Bxe5 Nxe5 25.Rad1 Rd6 26.b3 Nxd3 27.Rxd3 Rc6 28.a4 a6 29.Rd8+ Kf7
30.a5 b5 31.axb6 cxb6 32.Rhd1 Ke7 33.Kb4 Bc8 34.f3 Be6 35.Ra8 Bc8 36.g4 hxg4
37.fxg4 Rc5 38.Ra7+ Ke6 39.Rd5  1-0

[Event "Open"]
[Site "Condom FRA"]
[Date "2006.07.10"]
[Round "4"]
[White "Humeau,C"]
[Black "Verlinde,T"]
[Result "1-0"]
[WhiteElo "2095"]
[BlackElo "2006"]

1.d4 d6 2.c4 g6 3.Nc3 Bg7 4.e4 e5 5.Nf3 Nd7 6.Be2 Ngf6 7.O-O O-O 8.dxe5 dxe5
9.b4 a5 10.b5 b6 11.Ba3 Re8 12.Qc2 Nc5 13.Bxc5 bxc5 14.Rad1 Qe7 15.a4 Bb7
16.Nd2 Rad8 17.Nb3 Ra8 18.Bf3 c6 19.Rd3 cxb5 20.axb5 Nd7 21.Ra1 Nb6 22.Na4 Nxa4
23.Rxa4 f5 24.Rd1 Qc7 25.g3 g5 26.Bg2 f4 27.Rda1 g4 28.Nxa5 f3 29.Nxb7 Rxa4
30.Rxa4 Qxb7 31.Bf1 Rd8 32.Ra1 Rd4 33.Rd1 Rxe4 34.Rd8+ Bf8 35.Qd2 Rd4 36.Rxd4 exd4
37.Qf4 Qd7 38.Bd3 Qe6 39.Bf1 Qd7 40.Qe4 Bd6 41.h3 gxh3 42.Qxf3 Qf7 43.Qxf7+ Kxf7
44.Bxh3 Kf6 45.Bf1 Kg5 46.Kg2 h6 47.Bd3 Kg4 48.f3+ Kg5 49.f4+ Kg4 50.Be2+ Kf5
51.Kf3 h5 52.Bd3+ Kf6 53.Ke4 Kf7 54.b6 Kf6 55.Kd5 Ke7 56.Bg6 h4 57.gxh4  1-0

[Event "35th TCh-GRE"]
[Site "Ermioni GRE"]
[Date "2006.07.10"]
[Round "9"]
[White "Gustafsson,J"]
[Black "Bojkov,D"]
[Result "1-0"]
[WhiteElo "2589"]
[BlackElo "2445"]

1.d4 Nf6 2.c4 g6 3.Nc3 Bg7 4.e4 d6 5.Nf3 O-O 6.Be2 Na6 7.O-O e5 8.Be3 Ng4
9.Bg5 Qe8 10.Re1 exd4 11.Nd5 c6 12.Ne7+ Kh8 13.Nxc8 Rxc8 14.Nxd4 Nf6 15.Bf1 Qe5
16.f4 Qc5 17.Kh1 Rce8 18.Nb3 Qb4 19.e5 dxe5 20.fxe5 Ng8 21.Bd2 Qe7 22.Bc3 Nh6
23.Qf3 Nc7 24.Bd4 Ne6 25.Bxa7 c5 26.Bb6 Nf5 27.Qd5 Rc8 28.Rad1 Bh6 29.Qe4 Bf4
30.Rd3 Qh4 31.Rh3 Qf2 32.Qe2 Qxe2 33.Rxe2 Rc6 34.Ba5 Ra8 35.a3 Nfd4 36.Nxd4 Nxd4
37.Re4 Bxe5 38.Rxe5 Rxa5 39.Re7 Rf6 40.Kg1 Raa6 41.Rd3 Rab6 42.b4 Nf5 43.Re5 cxb4
44.c5 Rbc6 45.axb4 Rc8 46.b5 h5 47.Rd7 Rb8 48.Bd3 Ng7 49.Ree7 Ra8 50.h3 Ne6
51.Rxf7 Rxf7 52.Rxf7 Nxc5 53.Bxg6 Ra5 54.Bxh5 Rxb5 55.Bf3 b6 56.Re7 Nd3 57.Kh2 Re5
58.Rb7 Re6 59.h4 Nc5 60.Rc7 Rf6 61.h5 Ne6 62.Rb7 Ng7 63.Be4 Re6 64.Bg6 Nxh5
65.Bxh5  1-0

[Event "ch-SVK"]
[Site "Banska Stiavnica SVK"]
[Date "2006.07.11"]
[Round "4"]
[White "Timoscenko,G"]
[Black "Mrva,Mart"]
[Result "1-0"]
[WhiteElo "2494"]
[BlackElo "2499"]

1.d4 Nf6 2.c4 g6 3.Nc3 Bg7 4.e4 d6 5.Nf3 O-O 6.Be2 e5 7.Be3 Na6 8.O-O Ng4
9.Bg5 Qe8 10.Re1 h6 11.Bh4 c6 12.Bf1 Qe7 13.Bg3 g5 14.h3 exd4 15.hxg4 dxc3
16.Bxd6 Qd8 17.Bxf8 Qxf8 18.e5 Bxg4 19.bxc3 Rd8 20.Qe2 Nc5 21.Qe3 Re8 22.Nd4 Bxe5
23.g3 Re7 24.Nxc6 bxc6 25.Qxc5 f6 26.Bg2 Rc7 27.Qe3 Qa3 28.Bxc6 Rxc6 29.Qe4 Qa4
30.Qxg4 Qxc4 31.Qf5 Qf7 32.Rad1 Rc7 33.Rd8+ Kg7  1-0

[Event "3rd South Wales Int"]
[Site "Caerleon WLS"]
[Date "2006.07.11"]
[Round "6"]
[White "Dobrov,V"]
[Black "Gormally,D"]
[Result "1/2-1/2"]
[WhiteElo "2493"]
[BlackElo "2513"]

1.Nf3 Nf6 2.c4 g6 3.Nc3 Bg7 4.e4 d6 5.d4 O-O 6.Be2 e5 7.O-O Na6 8.Re1 Qe8
9.Bf1 Bg4 10.Be3 Nd7 11.Be2 Bxf3 12.Bxf3 exd4 13.Bxd4 Bxd4 14.Qxd4 Qe5 15.Qd2 Rfe8
16.Nd5 c6 17.Bg4 Nb6 18.f4 Qg7 19.Nxb6 axb6 20.b4 Rad8 21.Rad1 Nc7 22.e5 Qf8
23.Qf2 c5 24.bxc5 bxc5 25.Rb1 dxe5 26.Rxb7 Qd6 27.fxe5 Rxe5 28.Rf1 Re7 29.h3 Na6
30.Rxe7 Qxe7 31.Qf6 Qxf6 32.Rxf6 Nb4 33.a3 Nc2 34.Rc6 Ne3 35.Rxc5 Nxg4 36.hxg4 Ra8
37.Kf2  1/2-1/2

[Event "COQ"]
[Site "Montreal CAN"]
[Date "2006.07.11"]
[Round "5"]
[White "Gilman,A"]
[Black "Robichaud,L"]
[Result "0-1"]
[WhiteElo "2223"]
[BlackElo "2114"]

1.d4 Nf6 2.c4 g6 3.Nc3 Bg7 4.e4 d6 5.Nf3 O-O 6.Be2 e5 7.d5 a5 8.Bg5 h6 9.Bh4 Na6
10.Nd2 Bd7 11.a3 Qe8 12.b3 Nxe4 13.Ndxe4 f5 14.Qc2 fxe4 15.Nxe4 g5 16.Bg3 Bf5
17.Bd3 Qg6 18.O-O b6 19.Rae1 Nc5 20.b4 Nxd3 21.Qxd3 axb4 22.axb4 Ra4 23.Qb3 Rfa8
24.f3 g4 25.c5 b5 26.cxd6 cxd6 27.Kh1 h5 28.Bh4 Ra3 29.Qc2 Ra2 30.Qb1 gxf3
31.g3 f2  0-1

[Event "Open A"]
[Site "Oberwart AUT"]
[Date "2006.07.11"]
[Round "4"]
[White "Hera,I"]
[Black "Ganaus,H"]
[Result "0-1"]
[WhiteElo "2504"]
[BlackElo "2318"]

1.d4 Nf6 2.c4 g6 3.Nc3 Bg7 4.e4 d6 5.Be2 O-O 6.Nf3 e5 7.Be3 Na6 8.O-O Ng4
9.Bg5 Qe8 10.c5 exd4 11.Nd5 Qxe4 12.Ne7+ Kh8 13.cxd6 Nc5 14.Bb5 Qe6 15.Nxc8 Rfxc8
16.d7 Nxd7 17.Nxd4 Qd5 18.Qxg4 f5 19.Nxf5 gxf5 20.Bc4 Qc5 21.Qh4 Re8 22.Bf7 Re4
23.Qh3 Rg4 24.Rac1 Qb6 25.Be3 Qf6 26.Bb3 Rh4 27.Qf3 c6 28.g3 Ne5 29.Qe2 Rb4
30.Rcd1 Ng4 31.Bc5 Re4 32.Qd2 Rae8 33.Rfe1 Ne5 34.Rxe4 fxe4 35.Qd6 Qf5 36.Qd8 Qh5
37.Kg2 Nd3 38.Rxd3 exd3 39.Qd7 Qe2 40.Bb4 c5 41.Bxc5 d2 42.Qf7 Qe4+ 43.Kh3 Qg6
44.Qf3 Qh6+ 45.Kg2 Qc6 46.Be3 Rd8 47.Bd1 Bxb2 48.Qxc6 bxc6 49.Kf3 a5 50.Ke2 Bc3
51.Bb3 c5 52.Kd1 Bb4 53.Bc4 a4 54.g4 Re8 55.Bb5 Re4 56.Bxa4 Rxg4 57.Ke2 Rh4
58.Bc6 Rxh2 59.a3 Bxa3 60.Bxd2 Bb4 61.Bf4 Rh5 62.Bd6 Bc3 63.Bb5 Bd4 64.f4 Kg7
65.Kf3 Kf6 66.Bc7 Rh3+ 67.Kg4 Rb3 68.Bd8+ Kg7 69.Bc4 Rb4 70.Bd5 Bf6 71.Ba5 Rd4
72.Be6 Re4 73.Kf5 Ra4  0-1

[Event "6th TCh-Euro u18"]
[Site "Balatonlelle HUN"]
[Date "2006.07.12"]
[Round "1"]
[White "Moran,S"]
[Black "Levin,Ev"]
[Result "0-1"]
[WhiteElo "1912"]
[BlackElo "2336"]

1.d4 Nf6 2.c4 g6 3.Nc3 Bg7 4.e4 d6 5.Nf3 O-O 6.Be2 e5 7.O-O Na6 8.Rb1 Qe8
9.d5 Nc5 10.Qc2 Ncxe4 11.Nb5 Qe7 12.Be3 a6 13.Nc3 Bf5 14.Qb3 Nxc3 15.Qxc3 Bxb1
16.Rxb1 Ng4 17.Bd2 e4 18.Nd4 Qh4 19.Bxg4 Qxg4 20.Qe3 Rfe8 21.Bc3 Qh5 22.Re1 b5
23.b3 bxc4 24.bxc4 Rab8 25.Nc6 Bxc3 26.Qxc3 Rb6 27.Qf6 Qe2 28.Rf1 Qb2 29.Qf4 Qxa2
30.c5 Rb1 31.cxd6 Qa1 32.Ne7+ Rxe7  0-1